|
|
|
|
| LEADER |
00702cam a2200193 7i4500 |
| 001 |
0000000320 |
| 005 |
20191009090000.0 |
| 020 |
|
|
|a 8187328223 (pbk.)
|
| 090 |
0 |
0 |
|a TJ755
|b .R36 2000
|
| 100 |
1 |
|
|a Ramalingam, K. K
|
| 245 |
1 |
0 |
|a Internal combustion engines :
|b theory and practice
|c K. K. Ramalingam.
|
| 260 |
|
|
|a Chennai:
|b Scitech Pub. (India) Pvt. Ltd.,
|c 2000.
|
| 300 |
|
|
|a 482 p.:
|b ill.;
|c 24 cm.
|
| 500 |
|
|
|a Includes index
|
| 650 |
0 |
0 |
|a Thermodynamics
|
| 650 |
0 |
0 |
|a Internal combustion engines
|
| 997 |
|
|
|a Engineering & Life Sciences, Faculty
|b Engineering, Department
|
| 999 |
|
|
|a 0000001353
|b BOK
|c OPEN SHELF
|e 2nd Floor, Bestari Jaya
|
| 999 |
|
|
|a 0000001354
|b BOK
|c OPEN SHELF
|e 2nd Floor, Bestari Jaya
|